Normal view
MARC view
- Gibson, William F.
Entry Personal Name
001 - CONTROL NUMBER
- control field: 25014
003 - CONTROL NUMBER IDENTIFIER
- control field: NUST
005 - DATE AND TIME OF LATEST TRANSACTION
- control field: 20191030100248.0
008 - FIXED-LENGTH DATA ELEMENTS
- fixed length control field: 191030|| aca||aabn | a|a d
040 ## - CATALOGING SOURCE
- Original cataloging agency: NUST
- Transcribing agency: NUST
100 ## - HEADING--PERSONAL NAME
- Personal name: Gibson, William F.
670 ## - SOURCE DATA FOUND
- Source citation: Work cat.: (NUST)0: Gibson, John E. 25012, How to do systems analysis /, c2007.
